Obálka Náhled e-knihy:
PDF Epub
Pro půjčování e-knih musíte být přihlášeni.
Jak si půjčit online?

Poslední slovo /

Thriller s detektivními prvky americké autorky. Hlavní hrdinkou je žena, která byla před lety svědkyní únosu své příbuzné, a nyní rekapituluje tehdejší událost. Během pátrání se však začnou dít nebezpečné věci.

Uloženo v:
Série:Profilerky z FBI, část 2
Hlavní autor: Burton, Mary 1961- (Autor)
Další autoři: Medková, Karolina (Autor)
Médium: E-kniha
Jazyk:Czech
Vydáno: Praha : Dobrovský s.r.o., 2023
Edice:Vendeta
Témata:
Příbuzné jednotky:Z cyklu:: Profilerky z FBI
Tagy:
Žádné tagy
LEADER 02736nam a2200481 i 4500
001 312022
003 CZ PrSKC
005 20260601215715.0
007 ta
008 230801s2023 xr g 000 f cze
015 |a cnb003535264 
020 |a 9788027712915  |q (vázáno) 
035 |a (OCoLC)1396730063 
040 |a ABG001  |b cze  |d ABA001  |e rda 
041 1 |a cze  |h eng 
072 7 |a 821.111(73)-3  |x Americká próza  |2 Konspekt 
080 |a 821.111(73)-31  |2 MRF 
080 |a (0:82-312.4)  |2 MRF 
100 1 |a Burton, Mary  |q (Mary T.),  |d 1961-  |7 xx0242014  |4 aut 
240 1 0 |a Her last word.  |l Česky 
245 1 0 |a Poslední slovo /  |c Mary Burton ; přeložila Karolina Medková 
264 1 |a Praha :  |b Dobrovský s.r.o.,  |c 2023 
300 |a 375 stran ;  |c 21 cm 
336 |a text  |b txt  |2 rdacontent 
337 |a bez média  |b n  |2 rdamedia 
338 |a svazek  |b nc  |2 rdacarrier 
490 1 |a Vendeta 
500 |a Přeloženo z angličtiny 
520 2 |a Thriller s detektivními prvky americké autorky. Hlavní hrdinkou je žena, která byla před lety svědkyní únosu své příbuzné, a nyní rekapituluje tehdejší událost. Během pátrání se však začnou dít nebezpečné věci.  |b Před čtrnácti lety se Kaitlin Roeová stala jedinou svědkyní únosu své sestřenice Giny. Tu opuštěnou cestu ve Virginii si pamatuje dodnes. Stále před očima vidí zamaskovanou tvář neznámého muže a stále jí v uších zní Ginin křik. Také trpí mučivými pocity viny, protože v hrůze utekla a jen s odporem se podrobovala následným výslechům, při nichž byla považována za podezřelou. Nyní má Kaitlin jedinou možnost, jak utišit bolest - promluvit si v podcastu s každým, kdo byl s tímto případem spojený, a konečně tak dávno odložený případ uzavřít. Nakladatelská anotace. Kráceno. 
655 7 |a americké romány  |7 fd131796  |2 czenas 
655 7 |a detektivní romány  |7 fd132010  |2 czenas 
655 7 |a thrillery (romány)  |7 fd184206  |2 czenas 
655 9 |a American fiction  |2 eczenas 
655 9 |a detective novels  |2 eczenas 
655 9 |a thrillers (novels)  |2 eczenas 
700 1 |a Medková, Karolina  |7 xx0126769  |4 trl 
787 0 8 |i Z cyklu:  |t Profilerky z FBI  |g 2 
830 0 |a Vendeta 
900 |a ABA001  |b 20 
044 |a xr 
910 |a RBIT002 
998 |d 381457  |a https://core.palmknihy.cz/api/books/381457/cover?rz49dh  |b https://core.palmknihy.cz/api/books/381457/cover/400?rz49dh  |c https://core.palmknihy.cz/api/books/381457/cover/50?rz49dh  |e 2028-01-26  |g 384  |i 9788027712915  |j https://core.palmknihy.cz/api/books/381457/preview.epub  |k https://core.palmknihy.cz/api/books/381457/preview.pdf  |l   |q 49  |r 1  |s https://www.palmknihy.cz/kniha/381457  |t ebook  |y 2023  |z 0  |v Profilerky z FBI  |w 2 
999 |d 312020